Balanced Constitutionalism : Court and legislatures in India and the United kingdom (Record no. 445861)

000 -LEADER
fixed length control field 00457cam a22001337a 4500
008 - FIXED-LENGTH DATA ELEMENTS--GENERAL INFORMATION
fixed length control field 180718b2017 xxu||||| |||| 00| 0 eng d
020 ## - INTERNATIONAL STANDARD BOOK NUMBER
International Standard Book Number 0199470588
082 ## - DEWEY DECIMAL CLASSIFICATION NUMBER
Classification number C41x42 C361
100 ## - MAIN ENTRY--PERSONAL NAME
Personal name Chandrachud, Chintan
245 ## - TITLE STATEMENT
Title Balanced Constitutionalism : Court and legislatures in India and the United kingdom
Statement of responsibility, etc. by Chintan Chandrachud
260 ## - PUBLICATION, DISTRIBUTION, ETC.
Place of publication, distribution, etc. New Delhi
Name of publisher, distributor, etc. Oxford Uiversity press
Date of publication, distribution, etc. 2017
300 ## - PHYSICAL DESCRIPTION
Extent 292p.
650 ## - SUBJECT ADDED ENTRY--TOPICAL TERM
Topical term or geographic name entry element Great Britain - Human Rights Act 1998
Holdings
Withdrawn status Lost status Damaged status Not for loan Permanent Location Current Location Date acquired Full call number Barcode Date last seen Price effective from Koha item type
        Indian Institute of Public Administration Indian Institute of Public Administration 2017-08-18 C41x42 C361 87214 2018-07-21 2018-07-21 Book

Powered by Koha